[Event "EYCC B16"]
[Site "Halkidiki GRE"]
[Date "2001.09.06"]
[Round "6"]
[White "Palo,D"]
[Black "Ibarra Jerez,JC"]
[Result "1/2-1/2"]
[WhiteElo "2325"]
[BlackElo "2238"]

1.d4 Nf6 2.c4 g6 3.Nc3 Bg7 4.e4 O-O 5.Nf3 d6 6.Be2 e5 7.O-O Nc6 8.d5 Ne7
9.b4 c6 10.a4 a5 11.bxa5 c5 12.Ne1 Nd7 13.Nd3 f5 14.f3 f4 15.Nb5 Rf6 16.Ba3 Rxa5
17.Qe1 g5 18.Qf2 Ng6 19.Nxd6 Rxd6 20.Nxc5 Nxc5 21.Bxc5 Rda6 22.Rfb1 Rxc5
23.Qxc5 Bf8 24.Qf2 Qc7 25.Kh1 Bc5 26.Qe1 Nf8 27.Ra2 Rh6 28.Bf1 g4 29.fxg4 Qg7
30.Rb3 Bxg4 31.g3 f3 32.Rb5 f2 33.Rxf2 Bxf2 34.Qxf2 Rf6 35.Qe1 Qf7 36.Kg1 Bf3
37.Bh3 Qh5 38.Bf5 b6 39.c5 bxc5 40.Rxc5 Bg4  1/2-1/2

[Event "43rd Open"]
[Site "Imperia ITA"]
[Date "2001.09.07"]
[Round "7"]
[White "Sulava,N"]
[Black "Biolek,R"]
[Result "1-0"]
[WhiteElo "2531"]
[BlackElo "2434"]

1.d4 g6 2.Nf3 Bg7 3.c4 d6 4.Nc3 Nf6 5.e4 O-O 6.Be2 e5 7.O-O Nc6 8.d5 Ne7
9.Kh1 Ne8 10.Rg1 c5 11.g4 a6 12.Rb1 f5 13.gxf5 gxf5 14.Ng5 b5 15.cxb5 axb5
16.Bxb5 Nf6 17.f3 Qb6 18.a4 f4 19.b4 cxb4 20.Rxb4 Nh5 21.Qe1 Rf6 22.Rb2 Qa7
23.Be8 Ng6 24.Rbg2 Qe7 25.Nxh7 Kxh7 26.Bxg6+ Rxg6 27.Rxg6 Bf6 28.Qf1 Ng3+
29.R1xg3 fxg3 30.Rxg3 Bd7 31.Qg1 Rc8 32.Bd2 Qf7 33.Qe3 Qh5 34.Qa7 Qf7 35.Nb5 Qe7
36.Qe3 Bg7 37.Qg5 Qxg5 38.Bxg5 Bf8 39.Rg1 Ra8 40.Nc7 Rxa4 41.Ne6 Bh6 42.Bxh6 Kxh6
43.Rg8 Ra7 44.Rd8 Bxe6 45.Rxd6 Kg5 46.Rxe6 Ra2 47.Rxe5+ Kf4 48.Rf5+ Ke3 49.h4  1-0

[Event "5th Pablo Gorbea Mem Open"]
[Site "Madrid ESP"]
[Date "2001.09.07"]
[Round "2"]
[White "Gustafsson,J"]
[Black "Spitzer Isbert,R"]
[Result "1/2-1/2"]
[WhiteElo "2535"]
[BlackElo "2132"]

1.d4 Nf6 2.c4 g6 3.Nc3 Bg7 4.e4 d6 5.Nf3 O-O 6.Be2 e5 7.O-O Nc6 8.d5 Ne7
9.b4 a5 10.Ba3 axb4 11.Bxb4 Nd7 12.a4 Kh8 13.a5 Ng8 14.Re1 f5 15.Bd3 Rf7
16.Ra2 f4 17.h3 g5 18.Nh2 Ngf6 19.Be2 Bf8 20.g4 Be7 21.Bf1 h5 22.Nb5 Rh7
23.f3 Nb8 24.Ree2 Na6 25.Ba3 Nd7 26.Nc3 Nac5 27.Bb4 Na6 28.Ba3 Nac5 29.Bb4 Na6  1/2-1/2

[Event "5th Pablo Gorbea Mem Open"]
[Site "Madrid ESP"]
[Date "2001.09.09"]
[Round "3"]
[White "Pogorelov,R"]
[Black "Labarta Gonzalez,I"]
[Result "1-0"]
[WhiteElo "2401"]
[BlackElo "2151"]

1.Nf3 Nf6 2.c4 g6 3.Nc3 Bg7 4.e4 d6 5.d4 O-O 6.Be2 e5 7.O-O Nc6 8.d5 Ne7
9.Ne1 Nd7 10.Be3 f5 11.f3 f4 12.Bf2 g5 13.a4 Ng6 14.a5 Rf7 15.b4 Bf8 16.Nd3 Kh8
17.c5 Nf6 18.c6 h5 19.b5 g4 20.cxb7 Bxb7 21.fxg4 hxg4 22.Bxg4 Bc8 23.Bxc8 Qxc8
24.Ne1 Ng4 25.h3 Nxf2 26.Rxf2 f3 27.Rxf3 Rxf3 28.Qxf3 Bh6 29.Qf6+ Kh7 30.Qf7+ Bg7
31.Nf3 Kh6 32.Ne2  1-0

[Event "ch-UKR"]
[Site "Ordzhonikidze UKR"]
[Date "2001.09.12"]
[Round "5"]
[White "Brodsky,M"]
[Black "Moiseenko,A"]
[Result "1/2-1/2"]
[WhiteElo "2528"]
[BlackElo "2581"]

1.Nf3 Nf6 2.c4 g6 3.Nc3 Bg7 4.e4 O-O 5.d4 d6 6.Be2 e5 7.O-O Nc6 8.d5 Ne7
9.b4 Nh5 10.Re1 Nf4 11.Bf1 a5 12.bxa5 c5 13.a4 h6 14.Nd2 Qxa5 15.Nb5 Qd8
16.Ra3  1/2-1/2

[Event "5th Pablo Gorbea Mem Open"]
[Site "Madrid ESP"]
[Date "2001.09.13"]
[Round "7"]
[White "Pogorelov,R"]
[Black "Roeder,M"]
[Result "1-0"]
[WhiteElo "2401"]
[BlackElo "2466"]

1.d4 Nf6 2.c4 g6 3.Nc3 Bg7 4.e4 d6 5.Be2 O-O 6.Nf3 e5 7.O-O Nc6 8.d5 Ne7
9.Ne1 Nd7 10.Be3 f5 11.f3 f4 12.Bf2 g5 13.a4 a5 14.Nd3 b6 15.b4 Ng6 16.bxa5 bxa5
17.c5 Nf6 18.Rc1 Rf7 19.cxd6 cxd6 20.Nb5 g4 21.Rc6 g3 22.Bb6 Qe7 23.Nxd6 Bd7
24.Nxf7 Nh5 25.h3 Qh4 26.Re6 Kxf7 27.Nc5 Bc8 28.d6 Nf8 29.Re7+ Kg6 30.d7 Bxd7
31.Rxd7  1-0

[Event "ch-UKR"]
[Site "Ordzhonikidze UKR"]
[Date "2001.09.14"]
[Round "7"]
[White "Korobov,A"]
[Black "Golubev,M"]
[Result "1-0"]
[WhiteElo "2470"]
[BlackElo "2526"]

1.d4 Nf6 2.c4 g6 3.Nc3 Bg7 4.e4 d6 5.Nf3 O-O 6.Be2 e5 7.O-O Nc6 8.d5 Ne7
9.b4 Nh5 10.Re1 Kh8 11.Nd2 Nf4 12.Bf1 a5 13.bxa5 Rxa5 14.a4 c5 15.Ra3 Ra6
16.Nb5 Nh5 17.Bb2 Ng8 18.g3 Bh6 19.f4 f6 20.fxe5 fxe5 21.Nf3 Ngf6 22.Bg2 Kg8
23.Nxd6 Rxd6 24.Nxe5 Rb6 25.Bc3 Qe7 26.a5 Ra6 27.Rb3 Re8 28.Qb1 Qc7 29.Qb2 Bg7
30.Nd3 Nxg3 31.e5 Ngh5 32.d6 Qd8 33.Nxc5 Rxd6 34.exd6 Rxe1+ 35.Bxe1 Ne4 36.Qe2 Nxc5
37.Bd5+ Kf8 38.Qf2+ Bf5 39.Qxc5 Qg5+ 40.Rg3  1-0

[Event "ch-UKR"]
[Site "Ordzhonikidze UKR"]
[Date "2001.09.16"]
[Round "9"]
[White "Goloshchapov,A"]
[Black "Golubev,M"]
[Result "1/2-1/2"]
[WhiteElo "2550"]
[BlackElo "2526"]

1.d4 Nf6 2.c4 g6 3.Nc3 Bg7 4.e4 d6 5.Nf3 O-O 6.Be2 e5 7.O-O Nc6 8.d5 Ne7
9.b4 Nh5 10.Re1 f5 11.Ng5 Nf6 12.f3 Nh5 13.c5 Nf4 14.Bc4 a5 15.bxa5 Rxa5
16.cxd6 Qxd6 17.Qb3 Kh8 18.Nb5 Qf6 19.Bxf4 exf4 20.Ne6 Bxe6 21.e5 Qh4 22.dxe6 Nc6
23.Rad1 Nxe5 24.Bf1  1/2-1/2

[Event "TCh-FIN 2001-02"]
[Site "FIN"]
[Date "2001.09.22"]
[Round "1"]
[White "Agopov,M"]
[Black "Maki,V"]
[Result "1-0"]
[WhiteElo "2400"]
[BlackElo "2376"]

1.Nf3 Nf6 2.c4 g6 3.Nc3 Bg7 4.e4 d6 5.d4 O-O 6.Be2 e5 7.O-O Nc6 8.d5 Ne7
9.Nd2 a5 10.a3 Bd7 11.b3 c5 12.Rb1 Ne8 13.b4 axb4 14.axb4 b6 15.bxc5 bxc5
16.Qb3 f5 17.Re1 Kh8 18.Nf1 f4 19.Qb6 Qc8 20.Bd2 g5 21.Ra1 Ng6 22.Nb5 Nh4
23.Na7 Qb8 24.Reb1 Nf6 25.Qxb8 Rfxb8 26.Nc6 Rc8 27.Rxa8 Rxa8 28.f3 g4 29.Ba5 gxf3
30.gxf3 Rg8 31.Kf2 Bh6 32.Ke1 Ng2+ 33.Kd1 Ne3+ 34.Nxe3 fxe3 35.Rb8 Rxb8 36.Nxb8 Ba4+
37.Ke1 Bf4 38.Bd8 Nh5 39.Be7 Bxh2 40.Bxd6 Bg3+ 41.Kf1 Kg8 42.Nc6 Bf2 43.Bxe5 Ng3+
44.Bxg3 Bxg3 45.Kg2 Bc7 46.Kh3 Bxc6 47.dxc6 Kf7 48.Kg4 h5+ 49.Kxh5 Kf6 50.Kg4 Ke5
51.f4+ Kxe4 52.f5 Ke5 53.Kg5 Bd8+ 54.Kg6 Kd6 55.f6 Kxc6 56.f7 Be7 57.Kg7  1-0

[Event "TCh-FIN 2001-02"]
[Site "FIN"]
[Date "2001.09.22"]
[Round "1"]
[White "Niemela,A"]
[Black "Vakeva,J"]
[Result "1-0"]
[WhiteElo "2244"]
[BlackElo "2128"]

1.d4 Nf6 2.c4 g6 3.Nc3 Bg7 4.e4 d6 5.Be2 O-O 6.Nf3 e5 7.O-O Nc6 8.d5 Ne7
9.Nd2 c5 10.Rb1 a5 11.a3 Ne8 12.b4 axb4 13.axb4 b6 14.bxc5 bxc5 15.Nb3 f5
16.Bg5 h6 17.Bd2 fxe4 18.Nxe4 Nf6 19.Nxf6+ Rxf6 20.Ra1 Rxa1 21.Qxa1 Nf5 22.Qa8 Qf8
23.Rb1 Kh7 24.Be1 Bd7 25.Qxf8 Rxf8 26.Na5 Nd4 27.Bd3 Bf5 28.Bxf5 gxf5 29.Rb6 Rf6
30.Nb7 Rg6 31.Nxd6 e4 32.Kf1 f4 33.Nc8 Bf6 34.Bc3 e3 35.fxe3 fxe3 36.g3 Bd8
37.Rxg6 Kxg6 38.Nd6 Kh5 39.Ne4 Bb6 40.Bxd4 cxd4 41.c5 Ba5 42.Ke2 Kg4 43.c6 Kf5
44.Nc5 Ke5 45.d6 Kxd6 46.Nb7+ Kxc6 47.Nxa5+ Kb5 48.Nb3 Kc4 49.Nc1 Kd5 50.Kd3 Ke5
51.Ne2  1-0

[Event "Battle of Crete Rapid"]
[Site "Panormo GRE"]
[Date "2001.09.22"]
[Round "8"]
[White "Kantsler,B"]
[Black "Bitansky,I"]
[Result "1/2-1/2"]
[WhiteElo "2524"]
[BlackElo "2363"]

1.d4 Nf6 2.c4 g6 3.Nc3 Bg7 4.e4 d6 5.Nf3 O-O 6.Be2 e5 7.O-O Nc6 8.d5 Ne7
9.b4 Nh5 10.Re1 Nf4 11.Bxf4 exf4 12.Rc1 h6 13.Qd2 g5 14.c5 Ng6 15.Nd4 a6
16.Nf5 Bxf5 17.exf5 Nh4 18.Bg4 h5 19.Bxh5 Nxf5 20.Qd3 Qf6 21.Bg4 Nd4 22.Bd7 Qh6
23.Re4 Qf6 24.Rd1 Nf5 25.Rc4 Nh4 26.Re1 Ng6 27.Ne4 Qd8 28.Qh3 Ne5 29.Bf5 Re8
30.Rcc1 a5 31.cxd6 cxd6 32.b5 a4 33.Qh5 Bf6 34.Qh7+ Kf8 35.Qh6+ Bg7 36.Qxd6+ Qxd6
37.Nxd6 Red8 38.Nxb7 Rxd5 39.Be4 Rd2 40.Rc2 Rxc2 41.Bxc2 Nc4 42.Nc5 Nb6 43.Bf5 Bd4
44.Ne4 Ra5 45.Rb1 f6 46.g3 fxg3 47.hxg3 a3 48.Kg2 Bb2 49.Nd6 Ke7 50.Rd1 Be5
51.Ne4 Rxb5 52.Rd3 Bb2 53.g4 Rd5 54.Rb3 Nd7 55.Rb7 Kd8 56.Kf3 Rd3+ 57.Ke2 Rd5
58.Be6 Re5 59.Rxd7+ Ke8 60.Kd3 Rxe6 61.Rd6 Ke7 62.Rd5 Rb6 63.Nc5 Rd6 64.Ke4 Rxd5
65.Kxd5 Kf7 66.f3 Kg6 67.Ke6 Bd4 68.Ne4 Bb2 69.Nd6 Bc3 70.Nc4 Bb2 71.Nd6 Bc3
72.Nf5 Bb2 73.Ne7+ Kg7 74.Kd7 Kf7 75.Nf5 Bc3 76.Nd6+ Kg6 77.Ke6 Bb2 78.Nf5 Bc3
79.Ke7 Bb2 80.Kf8 Bc3 81.Ne7+ Kh6 82.Kg8 f5 83.gxf5 g4 84.fxg4 Kg5 85.Nd5 Bd4
86.Kf7 Kxg4 87.Kg6 Kf3 88.f6 Ke4 89.Ne7 Bc5 90.Kg7 Kd3 91.Kf7 Kc2 92.Ke6 Bd4
93.f7 Bg7 94.Nf5 Bf8 95.Kd7 Kb2 96.Ke8 Kxa2 97.Kxf8 Kb1 98.Kg8 a2 99.f8=Q a1=Q
100.Qb4+ Qb2 101.Qe1+ Qc1 102.Qe4+ Qc2 103.Qh1+ Qc1 104.Qb7+ Qb2 105.Qe4+ Qc2
106.Qe1+ Qc1 107.Qe5 Qb2 108.Qe4+ Qc2 109.Qb4+ Qb2 110.Qe1+ Qc1 111.Qe6 Qb2
112.Ne3 Qc3 113.Kf7 Ka1 114.Qa6+ Kb1 115.Qf1+ Ka2 116.Qa6+ Kb1 117.Qe6 Ka1
118.Kg6 Qd3+ 119.Kg5 Qb5+ 120.Kf4 Qb4+ 121.Kf3 Qc3 122.Ke2 Qb2+ 123.Kd1 Qb1+
124.Kd2 Qb2+ 125.Nc2+ Qxc2+  1/2-1/2

[Event "ECC"]
[Site "Panormo GRE"]
[Date "2001.09.23"]
[Round "1"]
[White "Ivanov,Se"]
[Black "Rudolf,Hen"]
[Result "1-0"]
[WhiteElo "2556"]
[BlackElo "2328"]

1.d4 g6 2.c4 Bg7 3.e4 d6 4.Nc3 Nf6 5.Nf3 O-O 6.Be2 e5 7.O-O Nc6 8.d5 Ne7
9.b4 Nh5 10.Re1 f5 11.Ng5 Nf6 12.f3 c6 13.Be3 Bh6 14.h4 cxd5 15.cxd5 Bd7
16.Rc1 a6 17.b5 f4 18.Bf2 Bxg5 19.hxg5 Nh5 20.Qb3 a5 21.b6 Nc8 22.Bb5 Rf7
23.Bxd7 Rxd7 24.Nb5 Qxg5 25.Nc7 Rb8 26.Ne6 Qe7 27.Rc7 Ng3 28.Bxg3 fxg3 29.Rec1 Qh4
30.Rxc8+ Rxc8 31.Rxc8+ Kf7 32.Qe3  1-0

[Event "ECC"]
[Site "Panormo GRE"]
[Date "2001.09.24"]
[Round "2"]
[White "Savchenko,S"]
[Black "Santos,CP"]
[Result "1-0"]
[WhiteElo "2549"]
[BlackElo "2423"]

1.d4 Nf6 2.c4 g6 3.Nc3 Bg7 4.e4 d6 5.Nf3 O-O 6.Be2 e5 7.O-O Nc6 8.d5 Ne7
9.b4 Nh5 10.Re1 Kh8 11.Nd2 Nf4 12.Bf1 Ng8 13.c5 Qg5 14.Kh1 Nf6 15.f3 N6h5
16.Nc4 Qh4 17.Kg1 g5 18.Be3 g4 19.fxg4 Bxg4 20.Qc2 Rg8 21.Qf2 Qe7 22.Kh1 Bf6
23.g3 Rg7 24.cxd6 cxd6 25.Nb5 Rag8 26.Nbxd6 Bh4 27.gxh4 b5 28.Nxb5 Qxh4 29.Nxe5 Qf6
30.Nxg4 Rxg4  1-0

[Event "ECC"]
[Site "Panormo GRE"]
[Date "2001.09.25"]
[Round "3"]
[White "Sakaev,K"]
[Black "Baklan,V"]
[Result "1/2-1/2"]
[WhiteElo "2630"]
[BlackElo "2599"]

1.d4 Nf6 2.Nf3 g6 3.c4 Bg7 4.Nc3 O-O 5.e4 d6 6.Be2 e5 7.O-O Nc6 8.d5 Ne7
9.Nd2 a5 10.a3 Bd7 11.Rb1 a4 12.b4 axb3 13.Nxb3 c5 14.dxc6 Bxc6 15.Qd3 Ne8
16.Rd1 f5 17.f3 Kh8 18.a4 b6 19.Be3 Nc8 20.c5 bxc5 21.Nxc5 Qe7 22.Na6 Nf6
23.Ra1 Bb7 24.Nb4 Qd8 25.Qb5 Qc7 26.Ncd5 Nxd5 27.Nxd5 Bxd5 28.Qxd5 Nb6 29.Qxd6 Qxd6
30.Rxd6 Nxa4 31.Ra6 Rxa6 32.Bxa6 Nc3 33.Bd2 fxe4 34.Bxc3 exf3 35.g3 e4 36.Bxg7+ Kxg7
37.Kf2 Ra8 38.Ke3 h5 39.Ra2 h4 40.Bc4 Rc8 41.Rc2 hxg3 42.hxg3 Rc5 43.Bb3 Rg5
44.Kf2 Rh5 45.Ra2 Kh6 46.Bc4 Rc5 47.Ra4 Kg5 48.Rb4 Rc6 49.Bb3 Rc3 50.Rb5+ Kh6
51.g4 Rd3 52.Kg3 Rd2 53.Bc4 g5 54.Bd5 Rg2+ 55.Kh3 Rg1 56.Rb2 Rh1+ 57.Rh2 Re1
58.Kg3+ Kg7 59.Kf2 Re2+ 60.Kg3 Re1  1/2-1/2

[Event "It IM"]
[Site "Kastav CRO"]
[Date "2001.09.28"]
[Round "3"]
[White "Jovanic,O"]
[Black "Zelenika,S"]
[Result "1/2-1/2"]
[WhiteElo "2409"]
[BlackElo "2328"]

1.Nf3 Nf6 2.c4 g6 3.Nc3 Bg7 4.d4 d6 5.e4 O-O 6.Be2 e5 7.O-O Nc6 8.d5 Ne7
9.b4 a5 10.Ba3 axb4 11.Bxb4 Nh5 12.a4 Nf4 13.Nd2 b6 14.a5 Nxe2+ 15.Qxe2 Bh6  1/2-1/2

[Event "Tatry Open"]
[Site "High Tatras SVK"]
[Date "2001.09.31"]
[Round "3"]
[White "Biolek,R"]
[Black "Havran,M"]
[Result "1-0"]
[WhiteElo "2434"]
[BlackElo "2101"]

1.Nf3 Nf6 2.c4 g6 3.Nc3 Bg7 4.e4 d6 5.d4 Nc6 6.Be2 O-O 7.O-O e5 8.d5 Ne7
9.Bd2 a5 10.a3 Bd7 11.b4 axb4 12.axb4 Nh5 13.c5 Nf4 14.Bc4 Kh8 15.Qb3 f5
16.Rxa8 Qxa8 17.Ng5 fxe4 18.Ngxe4 Nf5 19.Qb2 Nh4 20.Ra1 Qc8 21.Bxf4 exf4
22.f3 Bf5 23.Re1 Re8 24.Qd2 Bxe4 25.Nxe4 Be5 26.Ng5 Nf5 27.Ne6 Qd7 28.Re4 b5
29.c6 Qe7 30.Bxb5 Rb8  1-0

[Event "ch-SLO w"]
[Site "Grize SLO"]
[Date "2001.10.01"]
[Round "1"]
[White "Srebrnic,A"]
[Black "Kaps,D"]
[Result "1-0"]
[WhiteElo "2176"]
[BlackElo "2221"]

1.Nf3 Nf6 2.c4 g6 3.Nc3 Bg7 4.e4 d6 5.d4 O-O 6.Be2 e5 7.O-O Nc6 8.d5 Ne7
9.b4 Nd7 10.c5 dxc5 11.bxc5 Nxc5 12.Ba3 b6 13.Bxc5 bxc5 14.Rc1 Rb8 15.Na4 Qd6
16.Nd2 Bh6 17.Nc4 Qf6 18.Rc3 Rd8 19.Nxc5 Nc6 20.Nb3 Ba6 21.Nca5 Nxa5 22.Nxa5 Rb2
23.Bxa6 Qxa6 24.Nc6 Re8 25.Qg4 Qxa2 26.Qd7 Rf8 27.Qh3 Bg5 28.g3 Bd2 29.Ne7+ Kg7
30.Rxc7 Rb1 31.Nc6 Be1 32.Qg2 a5 33.Nxe5 Bb4 34.Nc6 Bc5 35.Qf3 Rb3 36.Qf4 Bb6
37.Qe5+ Kh6 38.Rd7 Rf3 39.Nd4 Rxf2 40.Rxf2 Qa1+ 41.Kg2 Bxd4 42.Qe7 Bxf2 43.Qxf8+ Kh5
44.Rxf7 Qg1+ 45.Kf3 Qh1+ 46.Kxf2 Qxh2+ 47.Kf3 Qh1+ 48.Kf4 Qc1+ 49.Ke5 Qg5+
50.Rf5 gxf5 51.Qxf5 a4 52.Qxg5+ Kxg5 53.Kd4 Kf6 54.e5+ Kf5 55.e6  1-0

[Event "Tatry Open"]
[Site "High Tatras SVK"]
[Date "2001.10.02"]
[Round "5"]
[White "Likavsky,T"]
[Black "Folk,P"]
[Result "1-0"]
[WhiteElo "2410"]
[BlackElo "2279"]

1.d4 Nf6 2.Nf3 g6 3.c4 Bg7 4.Nc3 O-O 5.e4 d6 6.Be2 e5 7.O-O Nc6 8.d5 Ne7
9.Ne1 Nd7 10.Be3 f5 11.f3 f4 12.Bf2 g5 13.a4 Nf6 14.c5 h5 15.cxd6 cxd6 16.a5 g4
17.Nb5 g3 18.Bxa7 Ng6 19.Bb6 gxh2+ 20.Kxh2 Ng4+ 21.fxg4 Qh4+ 22.Kg1 hxg4
23.Nxd6 f3 24.Nxf3 gxf3 25.Rxf3 Bd7 26.Nf5 Qxe4 27.Bd3 Qg4 28.Rg3 Qxd1+ 29.Rxd1 Bxf5
30.Bxf5 Nf4 31.Bg4 Kf7 32.Rc3 Kg6 33.g3 Nh5 34.d6 Nf6 35.Bh3 Ne4 36.Rc4 Ng5
37.Bg2  1-0

[Event "ch-SLO w"]
[Site "Grize SLO"]
[Date "2001.10.03"]
[Round "3"]
[White "Srebrnic,A"]
[Black "Hari,V"]
[Result "1-0"]
[WhiteElo "2176"]
[BlackElo "2070"]

1.Nf3 Nf6 2.c4 g6 3.Nc3 Bg7 4.e4 d6 5.d4 O-O 6.Be2 e5 7.O-O Nc6 8.d5 Ne7
9.Ne1 Nd7 10.Be3 f5 11.f3 f4 12.Bf2 g5 13.a4 Nf6 14.c5 Rf7 15.cxd6 cxd6 16.a5 h5
17.Nb5 g4 18.Nxa7 g3 19.Bb6 gxh2+ 20.Kxh2 Qf8 21.Nxc8 Rxc8 22.Nd3 Bh6 23.a6 bxa6
24.Rxa6 Bg5 25.Bf2 Rd8 26.b4 Qh6 27.Rh1 Rg7 28.Kg1 Qg6 29.Kf1 Kh7 30.b5 Nfxd5
31.exd5 Bf6 32.Ne1 e4 33.fxe4 Bc3 34.Bh4  1-0

[Event "TCh-RUS Siberian Zone"]
[Site "Omsk RUS"]
[Date "2001.10.07"]
[Round "3"]
[White "Avdeev,A"]
[Black "Bogachkov,I"]
[Result "0-1"]
[WhiteElo "2228"]
[BlackElo "2348"]

1.d4 Nf6 2.c4 g6 3.Nc3 Bg7 4.e4 d6 5.Nf3 O-O 6.Be2 e5 7.O-O Nc6 8.d5 Ne7
9.b4 Nh5 10.Re1 a5 11.bxa5 c5 12.Nd2 Nf4 13.Bf1 Rxa5 14.Rb1 f5 15.g3 Nh5
16.exf5 Nxf5 17.g4 Nh4 18.gxh5 Qg5+ 19.Kh1 Rxf2 20.Re2 Bg4 21.Nce4 Bxe2 22.Nxg5 Bxd1
23.a3 Bc2 24.Rxb7 Ra8 25.Kg1 Rff8 26.Bh3 Nf5 27.hxg6 hxg6 28.Ne6 Rf7 29.Rb6 Bh6
30.Rb2 Bd3 31.Rb3 Bxd2 32.Bxf5 gxf5 33.Bxd2 Bxc4 34.Rg3+ Kh8 35.Bg5 Bxd5
36.Rh3+ Kg8 37.Rh6 Bxe6 38.Rxe6 Rg7 39.h4 e4 40.Rxd6 Rxa3 41.Rd8+ Kh7 42.Rd5 Rf3
43.Rxc5 Ra7 44.Rc2 Ra1+ 45.Kg2 Rfa3 46.Rf2 R1a2  0-1

[Event "TCh-BUL"]
[Site "Pamporovo BUL"]
[Date "2001.10.07"]
[Round "6"]
[White "Bratanov,Z"]
[Black "Dochev,D"]
[Result "1/2-1/2"]
[WhiteElo "2422"]
[BlackElo "2382"]

1.d4 Nf6 2.c4 g6 3.Nc3 d6 4.e4 Bg7 5.Nf3 O-O 6.Be2 e5 7.O-O Nc6 8.d5 Ne7
9.b4 Nh5 10.Re1 f5 11.Ng5 Nf6 12.f3 Nh5 13.c5 Nf4 14.Bc4 Kh8 15.Ne6 Bxe6
16.dxe6 fxe4 17.fxe4 Nc6  1/2-1/2

[Event "ULIM Cup"]
[Site "Kishnev MDA"]
[Date "2001.10.10"]
[Round "4"]
[White "Barasiant,M"]
[Black "Fedotov,E"]
[Result "1-0"]
[WhiteElo "2062"]
[BlackElo "2018"]

1.d4 Nf6 2.Nf3 g6 3.c4 Bg7 4.Nc3 d6 5.e4 O-O 6.Be2 e5 7.O-O Nc6 8.dxe5 dxe5
9.Qxd8 Rxd8 10.Bg5 Re8 11.Nd5 Nxd5 12.cxd5 Nd8 13.Rfd1 f6 14.Be3 Bd7 15.Rac1 c6
16.Bc4 Nf7 17.dxc6 Bxc6 18.Bd5 Bxd5 19.Rxd5 f5 20.Rc7 f4 21.Bd2 Red8 22.Rxd8+ Rxd8
23.Rxb7 g5 24.h3 h5 25.Bc3 Rd1+ 26.Ne1 g4 27.hxg4 hxg4 28.f3 Bf8 29.Kf1 Bc5
30.Ke2 Ra1 31.a3 Rb1 32.Rc7 Bb6 33.Rc8+ Kh7 34.Rf8 Kg7 35.Re8 Kf6 36.Rf8 g3
37.Nd3 Be3 38.Nxe5  1-0

[Event "Lasker Autumn GM"]
[Site "Bucharest ROM"]
[Date "2001.10.13"]
[Round "1"]
[White "Manolache,M"]
[Black "Szabo,G ROM"]
[Result "1-0"]
[WhiteElo "2394"]
[BlackElo "2409"]

1.d4 Nf6 2.c4 g6 3.Nc3 Bg7 4.e4 d6 5.Be2 O-O 6.Nf3 e5 7.O-O Nc6 8.d5 Ne7
9.Nd2 c6 10.b4 cxd5 11.cxd5 Ne8 12.a4 f5 13.b5 Kh8 14.Nc4 Ng8 15.Ra3 Rf7
16.a5 Ngf6 17.exf5 Bxf5 18.a6 b6 19.Ne3 Bd7 20.Nc2 Qe7 21.Nb4 Qf8 22.Nc6 Bh6
23.Bb2 Ng7 24.Ra4 Nf5 25.Ba3 Bf4 26.g3 Qh6 27.gxf4 exf4 28.Bb2 Kg8 29.Qd2 Nh5
30.Ne4 Re8 31.Qc3 Nfg7 32.Bxh5 Rxe4 33.Rxe4 Qxh5 34.Kh1 Qxd5 35.Re1 Bf5 36.f3 Bxe4
37.Rxe4 Kf8 38.Nd8 Qxb5 39.Re1 Re7 40.Qf6+  1-0

[Event "5th Itau Cup"]
[Site "Sao Paulo BRA"]
[Date "2001.10.15"]
[Round "3"]
[White "Aranha Filho,A"]
[Black "Braga,C"]
[Result "1/2-1/2"]
[WhiteElo "2251"]
[BlackElo "2444"]

1.d4 Nf6 2.c4 g6 3.Nc3 Bg7 4.e4 d6 5.Be2 O-O 6.Nf3 e5 7.O-O Nc6 8.d5 Ne7
9.b4 a5 10.Ba3 b6 11.bxa5 Nh5 12.Re1 f5 13.Bb4 bxa5 14.Ba3 Nf4 15.Nd2 c5
16.dxc6 Nxc6 17.Bf1 Nb4  1/2-1/2

[Event "Essent Open"]
[Site "Hoogeveen NED"]
[Date "2001.10.16"]
[Round "5"]
[White "Mulyar,M"]
[Black "Van der Weide,K"]
[Result "1/2-1/2"]
[WhiteElo "2428"]
[BlackElo "2457"]

1.c4 Nf6 2.Nc3 g6 3.d4 Bg7 4.e4 d6 5.Nf3 O-O 6.Be2 e5 7.O-O Nc6 8.d5 Ne7
9.b4 a5 10.Ba3 Nd7 11.bxa5 Kh8 12.Ne1 f5 13.Nd3 fxe4 14.Nxe4 Nf5 15.Bc1 Nf6
16.f3 Rxa5 17.Bd2 Ra8 18.Ndf2 Bd7 19.a4 b6 20.Re1 Nd4 21.Bf1  1/2-1/2

[Event "YM"]
[Site "Zug SUI"]
[Date "2001.10.17"]
[Round "9"]
[White "Pelletier,Y"]
[Black "Jenni,F"]
[Result "1-0"]
[WhiteElo "2545"]
[BlackElo "2487"]

1.Nf3 Nf6 2.c4 g6 3.Nc3 Bg7 4.d4 d6 5.e4 O-O 6.Be2 e5 7.O-O Nc6 8.d5 Ne7
9.b4 Nh5 10.Re1 f5 11.Ng5 Nf6 12.f3 Nh5 13.g3 c6 14.Ne6 Bxe6 15.dxe6 Qb6+
16.c5 Qxb4 17.cxd6 Qxc3 18.dxe7 Qc5+ 19.Kh1 Qxe7 20.Qb3 Rfe8 21.exf5 gxf5
22.Ba3 Qg5 23.f4 exf4 24.e7+ Kh8 25.gxf4 Nxf4 26.Rg1 Qh4 27.Bf3 Ng6 28.Rae1 Nxe7
29.Qf7 Qf6 30.Bh5 Rg8 31.Rxe7 Qc3 32.Qb3 Bd4 33.Rge1 Rg5 34.Re8+ Rxe8 35.Rxe8+ Kg7
36.Qf7+ Kh6 37.Bf8+ Rg7 38.Bxg7+ Bxg7 39.Qxf5  1-0

[Event "Lasker Autumn GM"]
[Site "Bucharest ROM"]
[Date "2001.10.19"]
[Round "7"]
[White "Manolache,M"]
[Black "Golubev,M"]
[Result "1/2-1/2"]
[WhiteElo "2394"]
[BlackElo "2530"]

1.d4 Nf6 2.c4 g6 3.Nc3 Bg7 4.Nf3 O-O 5.e4 d6 6.Be2 e5 7.O-O Nc6 8.d5 Ne7
9.Kh1 Kh8 10.Rb1 Ne8 11.b4 f5 12.c5 Nf6 13.Ng5 fxe4 14.cxd6 cxd6 15.Be3 Nf5
16.Ngxe4 Nxe4 17.Nxe4 Nxe3 18.fxe3 Bf5 19.Bd3 Bh6 20.Ng3 Bxe3 21.Nxf5 gxf5
22.Bxf5 Qg5 23.Be6 Rxf1+ 24.Qxf1 Qh6 25.Qd3 Rf8 26.Rf1 Rxf1+ 27.Qxf1 Qf4
28.Qxf4 exf4 29.Bg4 Bf2 30.b5 Kg7 31.Bf3 Kf6 32.g3 fxg3 33.Kg2 Bc5 34.Kxg3 Ke5
35.a4 a6 36.bxa6 bxa6  1/2-1/2

[Event "Essent Open"]
[Site "Hoogeveen NED"]
[Date "2001.10.19"]
[Round "8"]
[White "Koster,R"]
[Black "Vuilleumier,A"]
[Result "1-0"]
[WhiteElo "2285"]
[BlackElo "2150"]

1.d4 Nf6 2.c4 g6 3.Nc3 Bg7 4.Nf3 d6 5.e4 O-O 6.Be2 e5 7.O-O Nc6 8.d5 Ne7
9.b4 Nh5 10.Re1 a5 11.bxa5 Rxa5 12.Nd2 Nf4 13.Bf1 c5 14.a4 f5 15.g3 Nh5 16.exf5 Nxf5
17.Bg2 Nf6 18.Nde4 h6 19.Ra3 Nd4 20.Nxf6+ Rxf6 21.Ne4 Rf7 22.Bd2 Ra6 23.f4 Kh7
24.Kh1 Qc7 25.Rg1 b5 26.fxe5 Bxe5 27.g4 Rxa4 28.Rh3 Rxc4 29.Ng5+ Kg8 30.Nxf7 Qxf7
31.Rf1 Qe7 32.Rxh6 Bg7 33.Rxg6 Kh7 34.Rg5 Bd7 35.Rh5+ Kg8 36.Bh6 Bxh6 37.Rxh6 Qg7
38.Rxd6 Bxg4 39.Rd8+ Kh7 40.Qd3+ Kh6 41.Qe3+ Kh5 42.Re8 Nf5 43.Re5 Kg6 44.Re6+ Kh5
45.Qe1 Rc2 46.Rxf5+ Bxf5 47.Bf3+ Bg4 48.Re5+ Kg6 49.Qe4+ Kh6 50.Qf4+ Kh7
51.Be4+  1-0

[Event "4th Golden Autumn"]
[Site "Alushta UKR"]
[Date "2001.10.20"]
[Round "?"]
[White "Bets,A"]
[Black "Sikula,V"]
[Result "1/2-1/2"]
[WhiteElo "2376"]
[BlackElo "2422"]

1.d4 Nf6 2.c4 g6 3.Nc3 Bg7 4.e4 d6 5.Be2 O-O 6.Nf3 e5 7.O-O Nc6 8.d5 Ne7
9.Ne1 Nd7 10.f3 f5 11.Be3 f4 12.Bf2 g5 13.a4 h5 14.a5 Ng6 15.Qb3 Kh8 16.Nd3 Nf6
17.Rfc1 g4 18.Kf1 g3 19.Bg1 Nh4 20.Ne1 Bh6  1/2-1/2

[Event "TCh-FIN 2001-02"]
[Site "FIN"]
[Date "2001.10.20"]
[Round "2"]
[White "Agopov,M"]
[Black "Sepp,O"]
[Result "1-0"]
[WhiteElo "2400"]
[BlackElo "2460"]

1.Nf3 Nf6 2.c4 g6 3.Nc3 Bg7 4.e4 d6 5.d4 O-O 6.Be2 e5 7.O-O Nc6 8.d5 Ne7
9.Nd2 a5 10.a3 c5 11.Rb1 Bh6 12.b4 axb4 13.axb4 b6 14.bxc5 bxc5 15.Nb3 Bxc1
16.Qxc1 Ne8 17.Ra1 Rxa1 18.Qxa1 f5 19.Na5 Bd7 20.Bf3 Nf6 21.Rb1 fxe4 22.Nxe4 Nxe4
23.Bxe4 Bf5 24.f3 Bxe4 25.fxe4 Nc8 26.Qc3 Qg5 27.Nc6 Qf4 28.Qe1 h5 29.Rb7 h4
30.h3 Kh8 31.Kh1 Qg5 32.Rb8 Kg7 33.Kg1 Qf4 34.Rb7+ Kh6 35.Rd7 Qg5 36.Qc3 Qf4
37.Qe1 Qg5 38.Rb7 Qf4 39.Nb8 Kg5 40.Rb3 Kh6 41.Rf3  1-0

[Event "Essent Open"]
[Site "Hoogeveen NED"]
[Date "2001.10.20"]
[Round "9"]
[White "Gofshtein,Z"]
[Black "Stellwagen,D"]
[Result "1-0"]
[WhiteElo "2513"]
[BlackElo "2384"]

1.d4 Nf6 2.c4 g6 3.Nc3 Bg7 4.e4 d6 5.Nf3 O-O 6.Be2 e5 7.O-O Nc6 8.d5 Ne7
9.b4 a5 10.bxa5 Nh5 11.Nd2 Nf4 12.c5 f5 13.cxd6 cxd6 14.Nc4 fxe4 15.Be3 Nf5
16.Nxe4 Nh4 17.Bb6 Qd7 18.Ne3 Nf5 19.Re1 Nd4 20.Bf1 Qe7 21.Nc2 Bg4 22.Qxg4 Nxc2
23.g3 Nxa1 24.Rxa1 Nh5 25.Bh3 Kh8 26.Qe6 Qxe6 27.Bxe6 Bf6 28.Nxd6 Be7 29.Nxb7 Ng7
30.Bd7 Nf5 31.Bxf5 gxf5 32.d6 Bf6 33.d7 Rab8 34.Rc1 Kg7 35.d8=Q Bxd8 36.Nxd8 Rfxd8
37.Bxd8 Rxd8 38.Rc5 Rd2 39.Rxe5 Kf6 40.Rb5 Rxa2 41.Kg2 Ra3 42.Rb6+ Ke5 43.f4+ Kd5
44.Rf6 Ra2+ 45.Kh3 Ke4 46.Re6+ Kf3 47.Re5 Kf2 48.Rxf5 Kg1 49.Rh5 Rxh2+ 50.Kg4 Ra2
51.Rxh7 Rxa5 52.Rb7 Kf2 53.Rb3  1-0

[Event "XVII Moratalaz Open"]
[Site "Madrid ESP"]
[Date "2001.10.21"]
[Round "5"]
[White "Lalic,B"]
[Black "Martinez Martin,D"]
[Result "1/2-1/2"]
[WhiteElo "2528"]
[BlackElo "2297"]

1.d4 Nf6 2.c4 g6 3.Nc3 Bg7 4.e4 d6 5.Nf3 O-O 6.Be2 e5 7.O-O Nc6 8.d5 Ne7
9.b4 Nh5 10.Re1 c6 11.Ba3 cxd5 12.cxd5 Nf4 13.Bf1 Bg4 14.h3 Bxf3 15.Qxf3 f5
16.b5 Rc8 17.Bb4 Kh8 18.Qd1  1/2-1/2